00457nam a2200157Ia 4500008004100000020001300041040001900054041001200073082002700085100001500112245007500127260003300202300001800235650002500253850002100278131103s9999 xx 000 0 und d cRs.10.00 aLoreto College aEnglish a372.21/KOHbLCBED/1512 aKohn, Ruth 4aThe exploring childb a hand-book for pre-primary teachers cRuth Kohn aBombaybOrient longmanc1972 a196p c 21cm. aElementary education aLCBED/372.21/KOH